000
00304nam a2200121Ia 4500
008
191201s2003 xx 000 0 und d
100
_a
MISHRA,S.P
245
0
_a
Lab Experiment on Textile Chemical Processing
260
_c
2003
_b
NCUTE-IIT DELHI
300
_a
110
650
_a
B.Tech(TE)
942
_2
ddc
_c
BK
999
_c
6804
_d
6804